[Event "Boffres"]
[Site "Boffres"]
[Date "2015.05.17"]
[Round "9"]
[White "Biguet, Jean Claude"]
[Black "Berges, Laurent"]
[Result "1-0"]
[WhiteElo "1755"]
[BlackElo "1549"]
[PlyCount "77"]
[EventDate "2015.05.08"]
[EventType "game"]
[EventRounds "9"]
[EventCountry "FRA"]
[SourceTitle "EXT 2016"]
[Source "ChessBase"]
[SourceDate "2015.10.08"]
[SourceVersion "1"]
[SourceVersionDate "2015.10.08"]
[SourceQuality "1"]

1. d4 Nf6 2. c4 g6 3. f3 d5 4. cxd5 Nxd5 5. e4 Nb6 6. Nc3 e6 7. Be3 Bg7 8. Qd2 0-0 9. h4 Qe7 10. Bh6 Rd8 11. Bxg7 Kxg7 12. 0-0-0 c5 13. d5 exd5 14. exd5 Na6 15. Nh3 Bxh3 16. Rxh3 Qe5 17. g4 Nb4 18. d6 Rac8 19. a3 Nc6 20. f4 Qe6 21. f5 Qb3 22. fxg6 Nd4 23. gxf7 Qxf7 24. Qg5+ Kh8 25. Ne4 Rg8 26. Qe5+ Rg7 27. Bg2 Qc4+ 28. Nc3 Na4 29. Bd5 Qa6 30. d7 Rf8 31. Qe8 Qf6 32. Rhh1 Qf4+ 33. Kb1 Nxc3+ 34. bxc3 Ne2 35. Rhf1 Nxc3+ 36. Kc2 Qa4+ 37. Kxc3 Qxa3+ 38. Kc2 Qa4+ 39. Bb3 1-0

[Event "Boffres"]
[Site "Boffres"]
[Date "2015.05.14"]
[Round "6"]
[White "Devaux, Nicolas"]
[Black "Biguet, Jean Claude"]
[Result "1-0"]
[WhiteElo "1859"]
[BlackElo "1755"]
[PlyCount "80"]
[EventDate "2015.05.08"]
[EventType "game"]
[EventRounds "9"]
[EventCountry "FRA"]
[SourceTitle "EXT 2016"]
[Source "ChessBase"]
[SourceDate "2015.10.08"]
[SourceVersion "1"]
[SourceVersionDate "2015.10.08"]
[SourceQuality "1"]

1. d4 Nf6 2. Nf3 g6 3. c4 Bg7 4. Nc3 d5 5. Bg5 Ne4 6. Bh4 Nxc3 7. bxc3 dxc4 8. Qa4+ Qd7 9. Qxc4 Qc6 10. Qb4 Qd6 11. Qb3 0-0 12. e3 b6 13. Bg3 Qd8 14. Be2 Ba6 15. Bxa6 Nxa6 16. 0-0 c5 17. Rfd1 Qc8 18. Rac1 Qc6 19. d5 Qb7 20. c4 Nc7 21. e4 Ne8 22. e5 f6 23. Qe3 fxe5 24. Bxe5 Nf6 25. Bg3 Kh8 26. Re1 Rae8 27. Ng5 Ng4 28. Qe6 Nh6 29. Rc2 Rf6 30. Qh3 Rf5 31. Nf3 b5 32. Rce2 bxc4 33. d6 e5 34. Nxe5 Rh5 35. d7 Rexe5 36. d8Q+ Ng8 37. Rxe5 Bxe5 38. Qe6 Qg7 39. Rxe5 Rxe5 40. Bxe5 Qf6 1-0

[Event "FRA-ch Seniors"]
[Site "Nancy"]
[Date "2013.08.23"]
[Round "11"]
[White "Biguet, Jean Claude"]
[Black "Guillaumat, Jean Pierre"]
[Result "1-0"]
[WhiteElo "1708"]
[BlackElo "1863"]
[PlyCount "63"]
[EventDate "2013.08.11"]
[EventType "swiss"]
[EventRounds "11"]
[EventCountry "FRA"]
[SourceTitle "CBM 156 Extra"]
[Source "ChessBase"]
[SourceDate "2013.10.22"]
[SourceVersion "1"]
[SourceVersionDate "2013.10.22"]
[SourceQuality "1"]

1. d4 Nf6 2. c4 d5 3. cxd5 Nxd5 4. e4 Nb6 5. Nc3 e6 6. Nf3 Be7 7. Bd3 c6 8. 0-0 0-0 9. a4 a5 10. Qb3 Na6 11. Bd2 Nb4 12. Bb1 Re8 13. Na2 Nxa2 14. Bxa2 Nd7 15. Rac1 Nf6 16. Bb1 Nd7 17. Qd3 Nf8 18. Ne5 Bf6 19. f4 Re7 20. Nf3 g6 21. Bc3 Bg7 22. Be1 Rd7 23. e5 f6 24. Bh4 Rf7 25. exf6 Bxf6 26. Bxf6 Qxf6 27. Ne5 Re7 28. Rf3 Kg7 29. Ng4 Qf5 30. Qa3 Qf7 31. d5 exd5 32. Qc3+ 1-0

[Event "FRA-chT3"]
[Site "Maisons Alfort"]
[Date "2001.11.11"]
[Round "2.3"]
[White "Ponchel, Claude"]
[Black "Biguet, Jean Claude"]
[Result "1/2-1/2"]
[WhiteElo "1870"]
[BlackElo "1850"]
[PlyCount "165"]
[EventDate "2001.03.31"]
[EventType "team"]
[EventRounds "9"]
[EventCountry "FRA"]
[SourceTitle "EXT 2003"]
[Source "ChessBase"]
[SourceDate "2002.11.25"]
[SourceVersion "1"]
[SourceVersionDate "2002.11.25"]
[SourceQuality "1"]

1. d4 d5 2. Nf3 Nc6 3. Bf4 e6 4. e3 Bd6 5. Bg3 Nge7 6. c3 Ng6 7. Bd3 f5 8. Qc2 Qf6 9. Nbd2 e5 10. Nxe5 Ncxe5 11. dxe5 Nxe5 12. Bxe5 Bxe5 13. Nf3 c6 14. Nxe5 Qxe5 15. 0-0-0 Bd7 16. Qa4 0-0 17. g3 Kh8 18. Rhe1 a5 19. Qd4 Qxd4 20. exd4 Rae8 21. f4 h6 22. Re5 Rxe5 23. dxe5 Be6 24. Be2 g6 25. b3 Kg7 26. c4 Rd8 27. cxd5 Bxd5 28. Bc4 Kf7 29. Bxd5+ cxd5 30. Kd2 Rc8 31. Rc1 Rc6 32. Rc3 Ke6 33. Kd3 g5 34. Kd4 Rb6 35. Rc7 Rb4+ 36. Ke3 a4 37. Rh7 gxf4+ 38. gxf4 axb3 39. Rxh6+ Ke7 40. axb3 Rxb3+ 41. Kd4 Rb4+ 42. Kxd5 Rxf4 43. Rh7+ Kf8 44. Rxb7 Rh4 45. Rb2 Ke7 46. Rb7+ Kf8 47. Rb2 Ke7 48. e6 Rh3 49. Ke5 f4 50. Rb7+ Ke8 51. Rb2 Ke7 52. Ra2 Rh5+ 53. Kxf4 Kxe6 54. Kg4 Rh8 55. Rf2 Rg8+ 56. Kh5 Ke7 57. Kh6 Rg1 58. h4 Rg3 59. h5 Rg1 60. Kh7 Rg3 61. Rf4 Rg1 62. Kh6 Rg3 63. Kh7 Rg1 64. Rf5 Rg3 65. h6 Rg4 66. Ra5 Kf6 67. Ra7 Rg3 68. Rg7 Ra3 69. Kh8 Ra1 70. Kh7 Ra3 71. Rg6+ Kf7 72. Rg7+ Kf6 73. Kh8 Ra8+ 74. Rg8 Ra7 75. h7 Rc7 76. Rd8 Re7 77. Rd6+ Kf7 78. Rd8 Kf6 79. Rg8 Rc7 80. Rf8+ Kg6 81. Rg8+ Kh6 82. Re8 Rxh7+ 83. Kg8 1/2-1/2